000 00562nam a2200181Ia 4500
008 230718s9999 xx 000 0 und d
020 _a9780748772933
041 _aeng
082 _a658
_bJEN
100 _aDahlgaard J.J.
_9173366
245 _aFundamentals Of Total Quality Management
250 _aPaperback; 2005-02-04
260 _c2010
_bNelson Thornes Ltd.
300 _a372
_c6.2x9.1x0.9; 1.2 lb;
365 _cRs.
_b395.00
700 _aDahlgaard J.J., Kristensen K. & Khanji G.K.
_9191327
906 _dO:0083529-Apr-2010B:107702-Apr-2010
_cMGMT
_b79
999 _c324867
_d324867